| 000 | 00356pab a2200133 454500 | ||
|---|---|---|---|
| 008 | 180718b1983 xxu||||| |||| 00| 0 eng d | ||
| 100 | _aMaguire, John | ||
| 245 |
_aConservation and Commonwealth _bHow we perceive our environment |
||
| 260 | _c1983 | ||
| 300 | _a34-51 | ||
| 650 | _aEnvironmental Policy - Ireland | ||
| 773 | _aAdministration | ||
| 909 | _a7790 | ||
| 999 |
_c7790 _d7790 |
||